Sports Quiz

Random Sports or Football Quiz
Score 0/29 Timer 05:00
0 Plays Today
Year - Pick Number Player Name % Correct
2006 No Pick
100%
2014 No Pick
100%
2018 No Pick
100%
2017 - 72th PickTaywan Taylor
83.3%
2017 - 100th PickJonnu Smith
83.3%
2019 - 82nd PickNate Davis
83.3%
2020 - 93rd PickDarrynton Evans
83.3%
2009 - 89th PickJared Cook
66.7%
2016 - 64th PickKevin Byard
66.7%
2011 - 77th PickJurrell Casey
50%
2013 - 70th PickBlidi Wreh-Wilson
50%
2015 - 66th PickJeremiah Poutasi
50%
2003 - 93rd PickChris Brown
33.3%
2005 - 96th PickBrandon Jones
33.3%
2007 - 80th PickPaul Williams
33.3%
Year - Pick Number Player Name % Correct
2010 - 77th PickDamian Williams
33.3%
2012 - 82th PickMike Martin
33.3%
2008 - 85th PickCraig Stevens
16.7%
2009 - 94th PickRyan Mouton
16.7%
2010 - 97th PickRennie Curran
16.7%
2013 - 97th PickZaviar Gooden
16.7%
1999 - 81st PickZach Pillar
0%
2000 - 68th PickErron Kinney
0%
2000 - 93rd PickByron Frisch
0%
2001 - 90th PickShad Meier
0%
2002 - 77th PickRocky Calmus
0%
2004 - 71st PickRandy Starks
0%
2004 - 92nd PickRich Gardner
0%
2005 - 68th PickCourtney Roby
0%
Remove Ads.
Support Sporcle.
Get the best of Sporcle when you Go Orange. This ad-free experience offers more features, more stats, and more fun while also helping to support Sporcle. Thank you for becoming a member.

You're not logged in!

Compare scores with friends on all Sporcle quizzes.
OR
Log In

Sporcle TV

Today on Sporcle TV


Watch our educational content, quiz creation guides, and fun videos on Sporcle TV.

Show Comments

Extras

Top Quizzes Today


Score Distribution

Paid Content

Your Account Isn't Verified!

In order to create a playlist on Sporcle, you need to verify the email address you used during registration. Go to your Sporcle Settings to finish the process.

Report this User

Report this user for behavior that violates our Community Guidelines.

Details: